| 000 | 00432cam a22001097a 4500 | ||
|---|---|---|---|
| 008 | 180718b1929 xxu||||| |||| 00| 0 eng d | ||
| 082 | _aC43x54 Un3sm | ||
| 100 | _aUnited Kingdom. Indian States Committee | ||
| 245 | _aThe British Crown and the Indian states "an outline sketch presented to the Indian states Committee on behalf of the standing Committee of Chamber of Princes | ||
| 260 |
_aLondon _bThe author _c1929 |
||
| 300 | _a158+p. | ||
| 999 |
_c490480 _d490480 |
||